000 00287nam a2200121Ia 4500
008 190216s9999||||xx |||||||||||||| ||und||
100 _aKoul Mn
245 0 _aFundamentals Of Physical Geography
260 _bNcrt - Newdelhi
_c2002
300 _a142
650 _aGeography
942 _cREF
999 _c36700
_d36700